Folk tales of East Pakistan. / (Record no. 50198)
[ view plain ]
| 000 -LEADER | |
|---|---|
| fixed length control field | 00731nam a2200241 a 4500 |
| 001 - CONTROL NUMBER | |
| control field | 50198 |
| 003 - CONTROL NUMBER IDENTIFIER | |
| rucl marc code | BD-RJUL |
| 005 - DATE AND TIME OF LATEST TRANSACTION | |
| control field | 20211209075455.0 |
| 008 - FIXED-LENGTH DATA ELEMENTS--GENERAL INFORMATION | |
| fixed length control field | 160824s1961 pk 000 1 eng d |
| 035 ## - SYSTEM CONTROL NUMBER | |
| System control number | (BD-RJUL)50318 |
| 040 ## - CATALOGING SOURCE | |
| Original cataloging agency | BUF |
| Transcribing agency | BUF |
| Modifying agency | UIU |
| -- | BD-RJUL |
| Language of cataloging | eng |
| 041 1# - LANGUAGE CODE | |
| Language code of text/sound track or separate title | eng |
| Language code of original | ben |
| 082 ## - DEWEY DECIMAL CLASSIFICATION NUMBER | |
| Edition number | 23 |
| Classification number | 398.2095492 |
| Author mark and year | JAS 1961 |
| 090 ## - LOCALLY ASSIGNED LC-TYPE CALL NUMBER (OCLC); LOCAL CALL NUMBER (OCLC) | |
| Classification number (OCLC) (R) ; Classification number, CALL (RLIN) (NR) | PK1718.J3 |
| Local cutter number (OCLC) ; Book number/undivided call number, CALL (RLIN) | F6 |
| 100 10 - MAIN ENTRY--PERSONAL NAME | |
| Personal name | Jasīmauddīn |
| 9 (RLIN) | 150477 |
| 245 10 - TITLE STATEMENT | |
| Title | Folk tales of East Pakistan. / |
| Statement of responsibility, etc. | Mr. Jasimuddin and Mrs. Carvel Painter |
| 260 ## - PUBLICATION, DISTRIBUTION, ETC. (IMPRINT) | |
| Place of publication, distribution, etc. | Lahore : |
| Name of publisher, distributor, etc. | Oxford University Press, |
| Date of publication, distribution, etc. | c1961 |
| 300 ## - PHYSICAL DESCRIPTION | |
| Pagination | 109 p. : |
| Illustrations | ill. ; |
| Size | 20 cm. |
| 650 #0 - SUBJECT ADDED ENTRY--TOPICAL TERM | |
| Topical term or geographic name as entry element | Folk literature |
| Geographic subdivision | Bangladesh |
| 9 (RLIN) | 120909 |
| Topical term or geographic name as entry element | Tales |
| Geographic subdivision | Bangladesh |
| 9 (RLIN) | 126844 |
| 700 1# - ADDED ENTRY--PERSONAL NAME | |
| Personal name | Painter, Carvel. |
| 942 ## - ADDED ENTRY ELEMENTS (KOHA) | |
| Source of classification or shelving scheme | Dewey Decimal Classification |
| Koha item type | Books |
| Lost status | Source of classification or shelving scheme | Damaged status | Not for loan | Collection code | Permanent Location | Current Location | Shelving location | Date acquired | Source of acquisition | Cost, normal purchase price | Total Checkouts | Full call number | Date last seen | Copy number | Koha item type |
|---|---|---|---|---|---|---|---|---|---|---|---|---|---|---|---|
| Dewey Decimal Classification | Non-fiction | Central Library, University of Rajshahi | Central Library, University of Rajshahi | 15/01/1965 | Ideal Library | 2.50 | 398.2095492 JAS 1961 | 24/08/2016 | C-2 | Books | |||||
| Dewey Decimal Classification | Non-fiction | Central Library, University of Rajshahi | Central Library, University of Rajshahi | 15/01/1965 | Ideal Library | 2.50 | 398.2095492 JAS 1961 | 24/08/2016 | C-3 | Books |